| 000 | 00989nam a2200217Ia 4500 | ||
|---|---|---|---|
| 003 | Ost | ||
| 005 | 20260507075148.0 | ||
| 008 | 260507s9999||||xx |||||||||||||| ||und|| | ||
| 020 | _a5540328977 | ||
| 040 | _cfsecg | ||
| 041 | _aara | ||
| 082 | _a330 | ||
| 100 |
_aلبيب ابراهيم، احمد السيد _eمؤلف |
||
| 245 | 0 |
_aالدفع بالنقود الالكترونية : _bالماهية و التنظيم القانوني "دراسة تحليلية مقارنة" / _c احمد السيد لبيب ابراهيم |
|
| 260 |
_aالاسكندرية: _bدار الجامعة الجديدة, _c2009 |
||
| 300 |
_a454 صفحة؛ _c24 سم |
||
| 504 | _aمراجع ص.397 | ||
| 520 | _aماهية النقود الالكترونية و الطبيعة القانونية و النماذج التطبيقية لها ، إصدار و تداول الدفع بالنقود الالكترونية و حماية هذا الدفع | ||
| 653 | _aالنقود | ||
| 942 | _cكتاب | ||
| 999 |
_c43327 _d43327 |
||